Statystyki dla Rozpoznaj polskie zespoły rockowe po jego członku

Kliknij tutaj aby rozwiązać quiz!

Ogólne statystyki

  • Ten quiz został rozwiązany 41 razy
  • Średni wynik to 10 z 17

Statystyki odpowiedzi

CzłonekZespół% Poprawnych
Janusz PanasewiczLady Pank
94%
Kazimierz "Kazik" Staszewski
Kult
91%
Olga "Kora" SipowiczMaanam
86%
Grzegorz MarkowskiPerfect
83%
Muniek StaszczykT.Love
80%
Robert GawlińskiWilki
74%
Krzysztof "Grabaż" Grabowski
Pidżama Porno/
Strachy Na Lachy
69%
Grzegorz CiechowskiRepublika
66%
Jakub (Kuba) SienkiewiczElektryczne Gitary
63%
Wanda KwietniewskaWanda i Banda
63%
Jacek "JJ" JędrzejakBig Cyc
43%
Adam OtrębaDżem
37%
Krzysztof "Jary" JaryczewskiOddział Zamknięty
34%
Sławomir ŁosowskiKombi
31%
Jakub KawalecHappysad
26%
Marta CugierLombard
14%
Mateusz ParzymięsoMyslovitz
11%

Rozkład punktacji

Percentyl według liczby udzielonych odpowiedzi

Procent ludzi z każdym wynikiem

Twoja historia wyników

Nie rozwiązałeś tego quizu